[Event "Titled Tuesday intern op 14th Nov Early"]
[Site "Chess.com INT"]
[Date "2023.11.14"]
[Round "3"]
[White "Hafiz, Arif Abdul"]
[Black "Manukyan, Sargis A"]
[Result "1-0"]
[WhiteElo "2243"]
[BlackElo "2216"]
[PlyCount "77"]
[EventDate "2023.11.14"]
[EventType "swiss (blitz)"]
[EventRounds "11"]
[EventCountry "USA"]
[SourceTitle "CB47_2023"]
[SourceDate "2023.11.22"]
[SourceVersion "1"]
[SourceVersionDate "2023.11.22"]
[SourceQuality "1"]

1. e4 c5 2. Nc3 d6 3. f4 Nc6 4. Nf3 g6 5. Bb5 Bd7 6. 0-0 Bg7 7. d3 e6 8. f5 exf5 9. Bf4 Ne5 10. exf5 Bxb5 11. Nxb5 Qd7 12. Nxd6+ Qxd6 13. Nxe5 Ne7 14. Nc4 Qd7 15. Nd6+ Kf8 16. f6 Nc6 17. fxg7+ Kxg7 18. Qf3 f5 19. Rae1 Raf8 20. Qd5 Rd8 21. Qxc5 Rhf8 22. Be5+ Nxe5 23. Qxe5+ Kg8 24. Qe6+ Kg7 25. Qxd7+ Rxd7 26. Nc4 b5 27. Ne5 Rc7 28. Re2 Re8 29. Rfe1 a5 30. Nf3 Rxe2 31. Rxe2 Kf6 32. c3 g5 33. Nd4 b4 34. Re6+ Kf7 35. Rc6 Rb7 36. Nxf5 bxc3 37. Nd6+ Ke7 38. Nxb7 cxb2 39. Rb6 1-0

[Event "Titled Tuesday intern op 14th Nov Early"]
[Site "Chess.com INT"]
[Date "2023.11.14"]
[Round "7"]
[White "Raahul, VS."]
[Black "Hafiz, Arif Abdul"]
[Result "1-0"]
[WhiteElo "2350"]
[BlackElo "2243"]
[PlyCount "95"]
[EventDate "2023.11.14"]
[EventType "swiss (blitz)"]
[EventRounds "11"]
[EventCountry "USA"]
[SourceTitle "CB47_2023"]
[SourceDate "2023.11.22"]
[SourceVersion "1"]
[SourceVersionDate "2023.11.22"]
[SourceQuality "1"]

1. b3 e5 2. Bb2 Nc6 3. c4 Nf6 4. e3 Be7 5. a3 0-0 6. Qc2 Re8 7. Nf3 e4 8. Ng5 Bf8 9. Nc3 Qe7 10. d3 exd3 11. Bxd3 Ne5 12. Bxh7+ Kh8 13. Be4 c6 14. h4 d6 15. Bf5 Bxf5 16. Qxf5 g6 17. Qc2 Bh6 18. 0-0-0 Kg8 19. Nce4 Nxe4 20. Nxe4 Rad8 21. Kb1 d5 22. cxd5 cxd5 23. Nc3 Qe6 24. h5 g5 25. Nb5 Rc8 26. Qd2 Qf5+ 27. Ka2 Rc2 28. Nd4 Rxb2+ 29. Qxb2 Qf6 30. Qc2 Bf8 31. Qf5 Qe7 32. Nc2 Rd8 33. Rd4 Rd6 34. Rhd1 Ra6 35. Ra4 Rxa4 36. bxa4 Qc7 37. Rd4 Be7 38. Kb1 Nc4 39. Qxd5 Nb6 40. Qb3 Qc6 41. a5 Nd7 42. Qd5 Qxd5 43. Rxd5 Nc5 44. Nd4 Ne4 45. Nf5 Bf8 46. Kc2 Nxf2 47. Rd8 Ng4 48. h6 1-0

[Event "Titled Tuesday intern op 13th Jun Early"]
[Site "Chess.com INT"]
[Date "2023.06.13"]
[Round "11"]
[White "Hafiz, Arif Abdul"]
[Black "Kramnik, Vladimir"]
[Result "0-1"]
[WhiteElo "2241"]
[BlackElo "2753"]
[PlyCount "126"]
[EventDate "2023.06.13"]
[EventType "swiss (blitz)"]
[EventRounds "11"]
[EventCountry "USA"]
[SourceTitle "EXT 2024"]
[Source "ChessBase"]
[SourceDate "2023.10.10"]
[SourceVersion "1"]
[SourceVersionDate "2023.10.10"]
[SourceQuality "1"]

1. e4 c5 2. Nc3 Nc6 3. f4 e6 4. Nf3 Nh6 5. Bb5 Nd4 6. 0-0 Nxb5 7. Nxb5 a6 8. Nc3 Be7 9. f5 d5 10. d3 dxe4 11. Bxh6 exf3 12. Bxg7 Rg8 13. Qxf3 Rxg7 14. f6 Qd4+ 15. Rf2 Bxf6 16. Qxf6 Qxf6 17. Rxf6 Ke7 18. Raf1 Bd7 19. Ne4 Bc6 20. Ng3 Rd8 21. R6f2 Rd5 22. Ne2 Rf5 23. g3 Rxf2 24. Kxf2 e5 25. Ke3 Ke6 26. a3 h5 27. b4 cxb4 28. axb4 h4 29. c4 hxg3 30. hxg3 Bg2 31. Rf2 Bh3 32. d4 exd4+ 33. Nxd4+ Ke5 34. Nf3+ Kd6 35. Rh2 Be6 36. c5+ Kd5 37. Kf2 Kc4 38. Rh4+ Kc3 39. Rf4 Rg4 40. Rxg4 Bxg4 41. Ne5 Be6 42. c6 b5 43. c7 Kxb4 44. Nxf7 Kc5 45. Ke3 a5 46. Ng5 Bf5 47. Ne4+ Kc6 48. Kd4 b4 49. Nc3 Be6 50. Nd5 b3 51. Nc3 Kxc7 52. Kd3 Kc6 53. Kd2 Kc5 54. Kc1 Kb4 55. Kb2 a4 56. Nb1 Bg4 57. Na3 Bf5 58. g4 Bxg4 59. Nb1 Bf5 60. Na3 Bg6 61. Ka1 Bf5 62. Kb2 Bd3 63. Ka1 Kc3 0-1

[Event "Titled Tuesday intern op 13th Jun Early"]
[Site "Chess.com INT"]
[Date "2023.06.13"]
[Round "5"]
[White "Skliarov, Viktor"]
[Black "Hafiz, Arif Abdul"]
[Result "0-1"]
[WhiteElo "2383"]
[BlackElo "2241"]
[PlyCount "100"]
[EventDate "2023.06.13"]
[EventType "swiss (blitz)"]
[EventRounds "11"]
[EventCountry "USA"]
[SourceTitle "EXT 2024"]
[Source "ChessBase"]
[SourceDate "2023.10.10"]
[SourceVersion "1"]
[SourceVersionDate "2023.10.10"]
[SourceQuality "1"]

1. e4 e5 2. Nc3 Nc6 3. Bc4 Nf6 4. d3 Bb4 5. Bg5 h6 6. Bxf6 Qxf6 7. Nge2 Na5 8. Bb3 Nxb3 9. axb3 c6 10. 0-0 0-0 11. f4 Bc5+ 12. Kh1 exf4 13. d4 Bb6 14. Rxf4 Qe7 15. Qd3 d6 16. Raf1 f6 17. Ng3 Be6 18. Nf5 Bxf5 19. Rxf5 Rfe8 20. g3 Rad8 21. Kg2 Qe6 22. d5 Qf7 23. Qc4 Rc8 24. Rd1 Red8 25. dxc6 bxc6 26. Na4 Kf8 27. Nxb6 axb6 28. Qb4 Qc7 29. h4 Kg8 30. h5 Kh8 31. Ra1 Re8 32. Kf3 Re6 33. Ra6 Rce8 34. Qxb6 Qe7 35. Qxc6 Rxe4 36. Ra8 Re3+ 37. Kg4 Qf7 38. Rxe8+ Rxe8 39. Qd5 Qc7 40. Qd3 Qc6 41. Rd5 Qc8+ 42. Qf5 Qa6 43. c4 Qb6 44. Qd3 Re6 45. c5 Qb4+ 46. Kh3 Qe1 47. cxd6 Re3 48. d7 Qh1+ 49. Kg4 Qf3+ 50. Kh4 Qxg3# 0-1

[Event "Titled Tuesday intern op 16th May Early"]
[Site "Chess.com INT"]
[Date "2023.05.16"]
[Round "10"]
[White "Hafiz, Arif Abdul"]
[Black "Causo, Deniel"]
[Result "1-0"]
[WhiteElo "2251"]
[BlackElo "2224"]
[PlyCount "127"]
[EventDate "2023.05.16"]
[EventType "swiss (blitz)"]
[EventRounds "11"]
[EventCountry "USA"]
[SourceTitle "CBM 214 Extra"]
[Source "ChessBase"]
[SourceDate "2023.07.31"]
[SourceVersion "1"]
[SourceVersionDate "2023.07.31"]
[SourceQuality "1"]

1. e4 d5 2. exd5 Nf6 3. Nc3 Nxd5 4. Bc4 Nb6 5. Bb3 Nc6 6. Nf3 Bf5 7. d4 e6 8. 0-0 Be7 9. Ne2 0-0 10. Ng3 Bg4 11. c3 e5 12. dxe5 Qxd1 13. Bxd1 Nc4 14. Re1 Rad8 15. Bb3 N6a5 16. Bc2 Rfe8 17. b3 Bxf3 18. gxf3 Nb6 19. f4 Nd5 20. Ne4 Nc6 21. a3 a5 22. c4 Nb6 23. Be3 Nd4 24. Bxd4 Rxd4 25. a4 Bb4 26. Red1 Red8 27. Rxd4 Rxd4 28. Rd1 Rxd1+ 29. Bxd1 Nd7 30. Bc2 Nc5 31. Ng3 Bd2 32. Ne2 g6 33. Kg2 Ne6 34. Kf3 Kf8 35. Ke4 Ke7 36. f5 Nc5+ 37. Kd5 Nd7 38. f6+ Ke8 39. f4 Bb4 40. Ke4 Nc5+ 41. Kf3 Ne6 42. h4 Bc5 43. f5 gxf5 44. Bxf5 Nd4+ 45. Nxd4 Bxd4 46. Ke4 Bf2 47. h5 h6 48. Bg4 Bg3 49. Bf3 c6 50. Bg4 Bh2 51. Kf5 Bg3 52. Be2 Kd7 53. Bd3 Bh4 54. Be2 c5 55. Bf3 b6 56. Bd5 Ke8 57. Bxf7+ Kxf7 58. e6+ Kf8 59. Ke5 Ke8 60. Kf5 Kf8 61. Kg6 Bg5 62. e7+ Ke8 63. Kg7 Kd7 64. Kf7 1-0

[Event "Titled Tuesday intern op 16th May Early"]
[Site "Chess.com INT"]
[Date "2023.05.16"]
[Round "6"]
[White "Hafiz, Arif Abdul"]
[Black "Starozhilov, Leonid"]
[Result "1-0"]
[WhiteElo "2251"]
[BlackElo "2313"]
[PlyCount "73"]
[EventDate "2023.05.16"]
[EventType "swiss (blitz)"]
[EventRounds "11"]
[EventCountry "USA"]
[SourceTitle "CBM 214 Extra"]
[Source "ChessBase"]
[SourceDate "2023.07.31"]
[SourceVersion "1"]
[SourceVersionDate "2023.07.31"]
[SourceQuality "1"]

1. e4 g6 2. d4 Bg7 3. Nc3 d6 4. Nf3 Nf6 5. Bf4 0-0 6. Qd2 Bg4 7. h4 Bxf3 8. gxf3 h5 9. 0-0-0 Nc6 10. d5 Ne5 11. Be2 c6 12. Bg5 cxd5 13. Bxf6 Bxf6 14. Nxd5 e6 15. Nxf6+ Qxf6 16. f4 Nc6 17. Rhg1 Kh7 18. Rg5 Rh8 19. f5 exf5 20. exf5 Rae8 21. fxg6+ fxg6 22. Bxh5 Ne5 23. Be2 Qxf2 24. h5 Kg7 25. Rdg1 Re6 26. R5g2 Qf6 27. Rxg6+ Nxg6 28. Rxg6+ Qxg6 29. hxg6 Rh1+ 30. Bd1 Ree1 31. Qxd6 Rhg1 32. b4 b6 33. b5 Rxg6 34. Qc7+ Kg8 35. Qb8+ Kh7 36. Qxa7+ Kh6 37. Qd7 1-0

[Event "Titled Tuesday intern op 16th May Early"]
[Site "Chess.com INT"]
[Date "2023.05.16"]
[Round "11"]
[White "Panesar, Vedant"]
[Black "Hafiz, Arif Abdul"]
[Result "1/2-1/2"]
[WhiteElo "2387"]
[BlackElo "2251"]
[PlyCount "110"]
[EventDate "2023.05.16"]
[EventType "swiss (blitz)"]
[EventRounds "11"]
[EventCountry "USA"]
[SourceTitle "CBM 214 Extra"]
[Source "ChessBase"]
[SourceDate "2023.07.31"]
[SourceVersion "1"]
[SourceVersionDate "2023.07.31"]
[SourceQuality "1"]

1. e4 e5 2. Nf3 Nc6 3. Bb5 Nge7 4. 0-0 a6 5. Ba4 g6 6. c3 Bg7 7. d4 exd4 8. cxd4 d5 9. exd5 Nxd5 10. Re1+ Be6 11. Nc3 0-0 12. Ne4 b5 13. Bb3 Bg4 14. Bg5 Qd7 15. Bxd5 Qxd5 16. h3 Bxf3 17. Qxf3 Kh8 18. Bf6 Qf5 19. Bxg7+ Kxg7 20. Qc3 Qd5 21. Rad1 Rfe8 22. Qf3 f5 23. Ng5 Rxe1+ 24. Rxe1 Qxf3 25. Nxf3 Rd8 26. Rc1 Nxd4 27. Rxc7+ Kh6 28. Ne5 Ne6 29. Rc6 Rd1+ 30. Kh2 Nd4 31. Rxa6 Re1 32. Nf7+ Kg7 33. Ng5 h6 34. Ra7+ Kf6 35. Nf7 Re2 36. Rd7 Rxb2 37. Nxh6 Ne6 38. Ng8+ Ke5 39. Ne7 g5 40. Rd5+ Kf6 41. Nxf5 Rxf2 42. Ng3 Rxg2+ 43. Kxg2 Nf4+ 44. Kf3 Nxd5 45. Kg4 Nc3 46. a3 Nb1 47. Ne4+ Ke5 48. Nxg5 Nxa3 49. Nf3+ Kf6 50. Kf4 b4 51. Nd4 Nc4 52. Ke4 Nd6+ 53. Kd3 Kg5 54. Nc6 Kh4 55. Nxb4 Kxh3 1/2-1/2

[Event "Titled Tuesday intern op 16th May Early"]
[Site "Chess.com INT"]
[Date "2023.05.16"]
[Round "4"]
[White "Sakun, Volodymyr"]
[Black "Hafiz, Arif Abdul"]
[Result "0-1"]
[WhiteElo "2345"]
[BlackElo "2251"]
[PlyCount "70"]
[EventDate "2023.05.16"]
[EventType "swiss (blitz)"]
[EventRounds "11"]
[EventCountry "USA"]
[SourceTitle "CBM 214 Extra"]
[Source "ChessBase"]
[SourceDate "2023.07.31"]
[SourceVersion "1"]
[SourceVersionDate "2023.07.31"]
[SourceQuality "1"]

1. d4 Nf6 2. c4 g6 3. Nc3 d5 4. Bg5 Ne4 5. Bf4 Nxc3 6. bxc3 Bg7 7. e3 0-0 8. Nf3 c5 9. Rc1 Nc6 10. cxd5 Qxd5 11. c4 Qd8 12. d5 Qa5+ 13. Qd2 Nb4 14. Be5 Qxa2 15. Qc3 Bxe5 16. Nxe5 Bf5 17. g4 f6 18. gxf5 fxe5 19. e4 Rf6 20. Qxe5 Nc2+ 21. Rxc2 Qxc2 22. Be2 Qb1+ 23. Bd1 Qb4+ 24. Kf1 Qxc4+ 25. Kg2 gxf5 26. Re1 Rf7 27. exf5 Qd4 28. Qe6 Qf6 29. Bc2 Kh8 30. Kh1 Rg8 31. Qe4 Rfg7 32. Qf3 b5 33. h3 b4 34. Re6 Qa1+ 35. Kh2 Qg1# 0-1

[Event "Titled Tuesday intern op 16th May Early"]
[Site "Chess.com INT"]
[Date "2023.05.16"]
[Round "2"]
[White "Sidletskyi, Ivan"]
[Black "Hafiz, Arif Abdul"]
[Result "0-1"]
[WhiteElo "2152"]
[BlackElo "2251"]
[PlyCount "152"]
[EventDate "2023.05.16"]
[EventType "swiss (blitz)"]
[EventRounds "11"]
[EventCountry "USA"]
[SourceTitle "CBM 214 Extra"]
[Source "ChessBase"]
[SourceDate "2023.07.31"]
[SourceVersion "1"]
[SourceVersionDate "2023.07.31"]
[SourceQuality "1"]

1. c4 e5 2. Nc3 Nc6 3. g3 Nf6 4. Bg2 Bb4 5. e4 Bxc3 6. dxc3 0-0 7. Qe2 d6 8. Nf3 h6 9. Nd2 Be6 10. Nf1 a6 11. Ne3 Nd7 12. 0-0 Nc5 13. b4 Nd7 14. f4 f6 15. f5 Bf7 16. a4 a5 17. Nd5 axb4 18. cxb4 Nd4 19. Qd3 c6 20. Ne3 b5 21. cxb5 cxb5 22. Bb2 bxa4 23. Bxd4 exd4 24. Qxd4 Ne5 25. Rfd1 a3 26. Qxd6 Qxd6 27. Rxd6 Rfb8 28. Nd5 Bxd5 29. exd5 Rxb4 30. Rc6 Nxc6 31. dxc6 Kf8 32. c7 Rc8 33. Rxa3 Rb1+ 34. Kf2 Rb2+ 35. Kf3 Rxc7 36. Bf1 Rxh2 37. Ra8+ Ke7 38. Bb5 Rb2 39. Ba4 Rc3+ 40. Kg4 Rg2 41. Ra7+ Kf8 42. Ra8+ Kf7 43. Ra7+ Kg8 44. Ra8+ Kh7 45. Be8 Rgxg3+ 46. Kf4 Rcf3+ 47. Ke4 Re3+ 48. Kf4 Rxe8 49. Rxe8 Rg5 50. Re7 h5 51. Re3 Rg4+ 52. Kf3 Kh6 53. Re7 Rb4 54. Rf7 h4 55. Rf8 Kg5 56. Rg8 Rb7 57. Rh8 Kxf5 58. Rxh4 Rb3+ 59. Kg2 g5 60. Rc4 Kg6 61. Rc5 f5 62. Rc6+ Kh5 63. Rc8 Kg4 64. Rc4+ f4 65. Rc2 Rg3+ 66. Kf2 Rh3 67. Kg2 f3+ 68. Kg1 Kg3 69. Rg2+ Kf4 70. Rd2 Rh6 71. Rd4+ Kg3 72. Rd3 Rb6 73. Rd1 g4 74. Re1 f2+ 75. Kf1 fxe1Q+ 76. Kxe1 Kf3 0-1

[Event "Asia zt 3.3"]
[Site "Jakarta"]
[Date "2023.05.09"]
[Round "5"]
[White "Gomez, John Paul"]
[Black "Hafiz, Arif Abdul"]
[Result "1-0"]
[WhiteElo "2437"]
[BlackElo "2251"]
[PlyCount "69"]
[EventDate "2023.05.06"]
[EventType "swiss"]
[EventRounds "9"]
[EventCountry "INA"]
[SourceTitle "CBM 214 Extra"]
[Source "ChessBase"]
[SourceDate "2023.07.31"]
[SourceVersion "1"]
[SourceVersionDate "2023.07.31"]
[SourceQuality "1"]

1. d4 d5 2. c4 dxc4 3. e3 e5 4. Bxc4 exd4 5. exd4 Bb4+ 6. Nc3 Nf6 7. Nf3 0-0 8. 0-0 Nc6 9. a3 Bd6 10. h3 h6 11. Qc2 a6 12. Be3 Ne7 13. Rad1 c6 14. Ne5 Ned5 15. Ba2 Be6 16. Bb1 Re8 17. Bc1 c5 18. Rfe1 Nxc3 19. Qxc3 cxd4 20. Qxd4 Bxe5 21. Qxe5 Bb3 22. Rxd8 Raxd8 23. Qc3 Rxe1+ 24. Qxe1 Rd1 25. Qxd1 Bxd1 26. Ba2 Kf8 27. f3 Ba4 28. Kf2 Ke7 29. Ke3 Bc6 30. Kd4 Nd7 31. h4 f5 32. b4 Kf6 33. Bb2 b5 34. Ke3+ Ke7 35. Bxg7 1-0

[Event "Titled Tuesday intern op 25th Apr Late"]
[Site "Chess.com INT"]
[Date "2023.04.25"]
[Round "1"]
[White "Hafiz, Arif Abdul"]
[Black "Kaplan, Avi Harrison"]
[Result "0-1"]
[WhiteElo "2251"]
[BlackElo "2146"]
[PlyCount "120"]
[EventDate "2023.04.25"]
[EventType "swiss (blitz)"]
[EventRounds "11"]
[EventCountry "USA"]
[SourceTitle "EXT 2024"]
[Source "ChessBase"]
[SourceDate "2023.10.10"]
[SourceVersion "1"]
[SourceVersionDate "2023.10.10"]
[SourceQuality "1"]

1. e4 d6 2. d4 g6 3. Nc3 Bg7 4. Nf3 Nc6 5. Be3 Bg4 6. Qd2 e5 7. dxe5 Nxe5 8. Be2 Be6 9. 0-0-0 Ne7 10. Nxe5 Bxe5 11. f4 Bg7 12. h4 h5 13. Rhf1 Qd7 14. Bb5 c6 15. Be2 d5 16. exd5 Nxd5 17. Bd4 Bxd4 18. Qxd4 0-0-0 19. Qxa7 Qe7 20. Na4 Kc7 21. Ba6 Qb4 22. Rd4 Ra8 23. Qxb7+ Qxb7 24. Bxb7 Kxb7 25. a3 Kc7 26. Nc5 Rhe8 27. a4 Kb6 28. Nd3 Red8 29. b3 Ne3 30. Rxd8 Rxd8 31. Rf2 Bxb3 32. Ne5 Be6 33. g3 Rd1+ 34. Kb2 Rd4 35. Rf3 Nd1+ 36. Kc1 Rd5 37. Rb3+ Kc7 38. Rf3 Bg4 39. Ra3 Nf2 40. a5 Kb7 41. a6+ Ka8 42. Nxc6 Rd1+ 43. Kb2 Bd7 44. Ne5 Rd6 45. Nxf7 Rb6+ 46. Kc3 Ka7 47. Ne5 Bf5 48. Kd4 Rxa6 49. Rc3 Rd6+ 50. Ke3 Ng4+ 51. Nxg4 Bxg4 52. Rc5 Kb6 53. Rc3 Bf5 54. Rb3+ Kc7 55. Rc3+ Rc6 56. Rxc6+ Kxc6 57. c3 Kc5 58. Kd2 Kc4 59. Ke3 Kxc3 60. Kf3 Kd4 0-1

[Event "Titled Tuesday intern op 27th Sep Early"]
[Site "Chess.com INT"]
[Date "2022.09.27"]
[Round "4"]
[White "Hafiz, Arif Abdul"]
[Black "Poltorak, Sebastian"]
[Result "1-0"]
[WhiteElo "2251"]
[BlackElo "2321"]
[PlyCount "133"]
[EventDate "2022.09.27"]
[EventType "swiss (blitz)"]
[EventRounds "11"]
[EventCountry "USA"]
[SourceTitle "CBM 210 Extra"]
[Source "ChessBase"]
[SourceDate "2022.11.30"]
[SourceVersion "1"]
[SourceVersionDate "2022.11.30"]
[SourceQuality "1"]

1. e4 c6 2. d4 d5 3. e5 c5 4. dxc5 e6 5. Be3 Nd7 6. f4 Bxc5 7. Bxc5 Nxc5 8. Nc3 Bd7 9. Nf3 Ne7 10. Bd3 Qb6 11. Qd2 Rc8 12. 0-0-0 a6 13. f5 Nxd3+ 14. Qxd3 Nxf5 15. Kb1 Bb5 16. Qd2 0-0 17. Rhe1 Rfd8 18. g4 Ne7 19. Nd4 Nc6 20. Nf3 Na5 21. Qd4 Qxd4 22. Nxd4 Be8 23. Nce2 Nc4 24. Nf4 Na5 25. b3 Nc6 26. Nf3 Rc7 27. a3 Rdc8 28. Rd2 Na7 29. Kb2 a5 30. h4 Nb5 31. a4 Nc3 32. Nd4 Ne4 33. Rg2 Nc3 34. g5 b5 35. axb5 Nxb5 36. Nxb5 Bxb5 37. Ra1 Ra7 38. h5 a4 39. h6 g6 40. Rd2 Kf8 41. Ng2 Rca8 42. Ra3 axb3 43. Rxa7 Rxa7 44. cxb3 Ke7 45. Ne3 Bd7 46. Ng4 Rb7 47. Rd4 Bb5 48. Nf6 Bc4 49. Nxh7 Rxb3+ 50. Kc2 Rh3 51. Nf6 Kd8 52. Rf4 Ke7 53. Kc1 Kd8 54. Rf2 Ke7 55. Rb2 Rh1+ 56. Kd2 Rh2+ 57. Kc1 Rh1+ 58. Kc2 Rh2+ 59. Kc3 Rh3+ 60. Kd4 Rh4+ 61. Kc5 Bd3 62. Rb7+ Kd8 63. Rb8+ Kc7 64. Rb4 Rh1 65. h7 Bf5 66. Ra4 Kb7 67. Kd6 1-0

[Event "Titled Tuesday intern op 27th Sep Early"]
[Site "Chess.com INT"]
[Date "2022.09.27"]
[Round "3"]
[White "Nakamura, Hikaru"]
[Black "Hafiz, Arif Abdul"]
[Result "1-0"]
[WhiteElo "2768"]
[BlackElo "2251"]
[PlyCount "83"]
[EventDate "2022.09.27"]
[EventType "swiss (blitz)"]
[EventRounds "11"]
[EventCountry "USA"]
[SourceTitle "CBM 210 Extra"]
[Source "ChessBase"]
[SourceDate "2022.11.30"]
[SourceVersion "1"]
[SourceVersionDate "2022.11.30"]
[SourceQuality "1"]

1. Nf3 Nf6 2. g3 g6 3. Bg2 Bg7 4. 0-0 0-0 5. d3 d5 6. Nbd2 d4 7. Nb3 Nc6 8. c3 dxc3 9. bxc3 Nd5 10. c4 Ndb4 11. d4 Bf5 12. Bb2 Be4 13. Qd2 a5 14. d5 Bxb2 15. Qxb2 Nb8 16. Nxa5 Rxa5 17. Qxb4 b6 18. Rfd1 Na6 19. Qc3 Nc5 20. Nd4 Bxg2 21. Nc6 Qd6 22. Nxa5 Bh3 23. Nc6 Bd7 24. Ne5 Ra8 25. Nxd7 Qxd7 26. a4 Ra5 27. f3 f6 28. Kg2 h5 29. h4 Kf7 30. Qe3 Rxa4 31. Qh6 Qf5 32. Qh7+ Kf8 33. Rxa4 Nxa4 34. e4 Qe5 35. Qxg6 Qb2+ 36. Kh3 Nc3 37. Rh1 Qf2 38. Ra1 Na4 39. Qh6+ Kg8 40. Qxh5 Kg7 41. Qg4+ Kf8 42. h5 1-0

[Event "Titled Tuesday intern op 27th Sep Early"]
[Site "Chess.com INT"]
[Date "2022.09.27"]
[Round "7"]
[White "Oparin, Grigoriy"]
[Black "Hafiz, Arif Abdul"]
[Result "1-0"]
[WhiteElo "2683"]
[BlackElo "2251"]
[PlyCount "105"]
[EventDate "2022.09.27"]
[EventType "swiss (blitz)"]
[EventRounds "11"]
[EventCountry "USA"]
[SourceTitle "CBM 210 Extra"]
[Source "ChessBase"]
[SourceDate "2022.11.30"]
[SourceVersion "1"]
[SourceVersionDate "2022.11.30"]
[SourceQuality "1"]

1. Nf3 d5 2. g3 Nf6 3. Bg2 Bf5 4. c4 e6 5. Qb3 Qc8 6. d3 c6 7. 0-0 Be7 8. cxd5 exd5 9. Nc3 0-0 10. Re1 Nbd7 11. e4 Nc5 12. Qc2 dxe4 13. dxe4 Bg6 14. Nh4 Rd8 15. Nxg6 hxg6 16. e5 Ne8 17. Rd1 Rxd1+ 18. Qxd1 Qf5 19. Qe2 Nc7 20. Bd2 Qc2 21. Be3 Qxe2 22. Nxe2 Nd3 23. f4 Rd8 24. b3 Nb5 25. Rd1 a5 26. a4 Na3 27. Bb6 Rd7 28. Bh3 Rd5 29. Nc3 Nxf4 30. Nxd5 Nxd5 31. Bxa5 Bc5+ 32. Kh1 Nc2 33. Rc1 Bb4 34. Rxc2 Bxa5 35. Bc8 Nb4 36. Rd2 b5 37. axb5 cxb5 38. Rd7 Kf8 39. Bb7 Bb6 40. Be4 Ke8 41. Rb7 Bd4 42. Rxb5 Na2 43. Rb8+ Ke7 44. Rb7+ Ke6 45. Bd3 Kxe5 46. Bc4 f6 47. Rxg7 g5 48. h4 gxh4 49. gxh4 f5 50. h5 Kf6 51. Rg6+ Ke5 52. h6 Kf4 53. h7 1-0

[Event "Titled Tuesday intern op 09th Aug Late"]
[Site "Chess.com INT"]
[Date "2022.08.09"]
[Round "9"]
[White "Grischuk, Alexander"]
[Black "Hafiz, Arif Abdul"]
[Result "1-0"]
[WhiteElo "2745"]
[BlackElo "2234"]
[PlyCount "103"]
[EventDate "2022.08.09"]
[EventType "swiss (blitz)"]
[EventRounds "11"]
[EventCountry "USA"]
[SourceTitle "EXT 2023"]
[Source "ChessBase"]
[SourceDate "2022.10.05"]
[SourceVersion "1"]
[SourceVersionDate "2022.10.05"]
[SourceQuality "1"]

1. e4 e5 2. Nf3 Nc6 3. Bb5 Nf6 4. d3 Bc5 5. Bxc6 dxc6 6. Nbd2 Be6 7. 0-0 Nd7 8. Nb3 Bb6 9. Ng5 Qe7 10. Kh1 Bxb3 11. axb3 f6 12. Nf3 Nc5 13. Nd2 Ne6 14. Nc4 0-0 15. Bd2 Bc5 16. Bc3 b5 17. Na5 Qd7 18. Qg4 Bb6 19. b4 Rad8 20. Nb3 Qf7 21. h3 Nf4 22. Kh2 Nxd3 23. Na5 Bxa5 24. Rxa5 Nf4 25. Rxa7 Rd7 26. Rfa1 h5 27. Qf3 Qe6 28. Rd1 Rfd8 29. Rxd7 Rxd7 30. b3 Kh7 31. Bb2 Rd2 32. Bc1 Rd8 33. Bxf4 exf4 34. Qxf4 Rd7 35. f3 Qe5 36. Qxe5 fxe5 37. Ra6 Rd6 38. h4 Kg6 39. Kg3 Kf6 40. c4 g6 41. c5 Re6 42. Ra8 Re7 43. Rd8 Ke6 44. Kf2 Rd7 45. Rxd7 Kxd7 46. g3 Ke6 47. f4 Kf6 48. Kf3 Ke6 49. fxe5 Kxe5 50. Ke3 Kf6 51. Kf4 Ke6 52. Kg5 1-0

[Event "Titled Tuesday intern op 09th Aug Late"]
[Site "Chess.com INT"]
[Date "2022.08.09"]
[Round "3"]
[White "Hafiz, Arif Abdul"]
[Black "Muradli, Mahammad"]
[Result "1/2-1/2"]
[WhiteElo "2234"]
[BlackElo "2552"]
[PlyCount "93"]
[EventDate "2022.08.09"]
[EventType "swiss (blitz)"]
[EventRounds "11"]
[EventCountry "USA"]
[SourceTitle "EXT 2023"]
[Source "ChessBase"]
[SourceDate "2022.10.05"]
[SourceVersion "1"]
[SourceVersionDate "2022.10.05"]
[SourceQuality "1"]

1. e4 d6 2. d4 Nf6 3. Nc3 g6 4. Nf3 Bg7 5. Be3 a6 6. Qd2 Nc6 7. Bh6 0-0 8. 0-0-0 Bg4 9. Bxg7 Kxg7 10. Be2 e5 11. dxe5 dxe5 12. Qe3 Qc8 13. Nd2 Nd4 14. Bxg4 Qxg4 15. h3 Qe6 16. f4 Rad8 17. f5 Qb6 18. Kb1 Nb3 19. Qxb6 Nxd2+ 20. Rxd2 cxb6 21. Rxd8 Rxd8 22. fxg6 hxg6 23. Kc1 b5 24. Rd1 Rxd1+ 25. Kxd1 b4 26. Nd5 Nxd5 27. exd5 f5 28. g4 fxg4 29. hxg4 Kf6 30. Ke2 Ke7 31. Kd3 b5 32. c4 bxc3 33. bxc3 Kd7 34. Ke3 Kc7 35. Kd3 a5 36. a3 Kd7 37. c4 bxc4+ 38. Kc3 Kd6 39. Kxc4 g5 40. a4 e4 41. Kd4 e3 42. Kxe3 Kxd5 43. Kd3 Ke5 44. Ke3 Kd5 45. Kd3 Kc5 46. Kc3 Kd5 47. Kd3 1/2-1/2

[Event "Titled Tuesday intern op 09th Aug Late"]
[Site "Chess.com INT"]
[Date "2022.08.09"]
[Round "8"]
[White "Hambleton, Aman"]
[Black "Hafiz, Arif Abdul"]
[Result "0-1"]
[WhiteElo "2436"]
[BlackElo "2234"]
[PlyCount "114"]
[EventDate "2022.08.09"]
[EventType "swiss (blitz)"]
[EventRounds "11"]
[EventCountry "USA"]
[SourceTitle "EXT 2023"]
[Source "ChessBase"]
[SourceDate "2022.10.05"]
[SourceVersion "1"]
[SourceVersionDate "2022.10.05"]
[SourceQuality "1"]

1. d4 Nf6 2. Bf4 c6 3. e3 d5 4. c4 e6 5. Nc3 Bd6 6. Nf3 Bxf4 7. exf4 0-0 8. Bd3 dxc4 9. Bxc4 Qc7 10. Qd2 Rd8 11. Bd3 b6 12. 0-0 Ba6 13. Bxa6 Nxa6 14. Qe2 Nb4 15. g3 Nbd5 16. Rac1 Qb7 17. Ne5 Rac8 18. Ne4 Nxe4 19. Qxe4 Nf6 20. Qe3 Rd5 21. Rc4 c5 22. Rfc1 Rcd8 23. Nf3 h6 24. h3 Qa8 25. a4 R5d6 26. b3 Nd5 27. Qe4 cxd4 28. Nxd4 Qb7 29. Nc6 Nf6 30. Qg2 Rd1+ 31. Rxd1 Rxd1+ 32. Kh2 Rb1 33. Nd4 Qxg2+ 34. Kxg2 Ne4 35. Rc8+ Kh7 36. Rc7 Rd1 37. Nb5 f5 38. Kf3 Rd3+ 39. Ke2 Rxb3 40. g4 Rb2+ 41. Ke3 Rb3+ 42. Kd4 a6 43. Na7 Rxh3 44. Ke5 Nxf2 45. gxf5 exf5 46. Nc6 Rc3 47. Kd4 Rc1 48. Ke3 Ne4 49. Kd3 a5 50. Ke3 h5 51. Kf3 h4 52. Kg2 Rc3 53. Kh2 Nf6 54. Rc8 Ng4+ 55. Kg1 h3 56. Ne7 Re3 57. Nxf5 Re1# 0-1